00732nam a2200229Ia 450000500170000000800410001702000220005804100080008008200150008810000240010324500270012725000120015426000340016630000090020050000280020965000360023770000240027390600110029794200070030899900170031595201700033220251122095626.0230125s9999 xx 000 0 und d a978-0-241-19951-0 aeng a158.1bVAN aVanderkam L9215449 aI know How She Does It a1st Ed. c2015bPortfolio BooksaLondon a296p aPersonality Development aPersonality Development9213420 aVanderkam L9215449 b149.75 cBK c96729d96729 00104070aHIMRbHIMRd2021-03-13eForward Booksg599.00i11380l1o158.1 VAN B21582pHIMR-BK-21582r2025-10-28 16:53:21s2025-10-13v449.25w2021-03-12yBKzB21582